Electric power generation, transmission, and distribution/ (Record no. 2844)
[ view plain ]
| 000 -LEADER | |
|---|---|
| fixed length control field | 00785nac a22002051u 4500 |
| 020 ## - INTERNATIONAL STANDARD BOOK NUMBER | |
| International Standard Book Number | 8120321928 |
| 082 ## - DEWEY DECIMAL CLASSIFICATION NUMBER | |
| Classification number | 621.31. |
| Item number | Si643 |
| 090 ## - LOCALLY ASSIGNED LC-TYPE CALL NUMBER (OCLC); LOCAL CALL NUMBER (OCLC) | |
| -- | 2844 |
| -- | 2844 |
| 100 ## - MAIN ENTRY--PERSONAL NAME | |
| Personal name | Singh ,S.N. |
| 245 ## - TITLE STATEMENT | |
| Title | Electric power generation, transmission, and distribution/ |
| Statement of responsibility, etc | S.N.Singh. |
| 260 ## - PUBLICATION, DISTRIBUTION, ETC. (IMPRINT) | |
| Place of publication, distribution, etc | New Delhi:2006. |
| Name of publisher, distributor, etc | Prentice-Hall Of India; |
| Date of publication, distribution, etc | c.2006. |
| 300 ## - PHYSICAL DESCRIPTION | |
| Extent | 406p.: |
| Other physical details | ill, |
| Dimensions | 25cm. |
| 490 ## - Series Statement | |
| Series statement | Eastern Economy Edition. |
| 504 ## - BIBLIOGRAPHY, ETC. NOTE | |
| Bibliography, etc | Includes bibliography and Index. |
| 650 ## - SUBJECT ADDED ENTRY--TOPICAL TERM | |
| Topical term or geographic name as entry element | Electric power production. |
| 650 ## - SUBJECT ADDED ENTRY--TOPICAL TERM | |
| Topical term or geographic name as entry element | Electric power distribution. |
| 650 ## - SUBJECT ADDED ENTRY--TOPICAL TERM | |
| Topical term or geographic name as entry element | Electric power transmission. |
| 942 ## - ADDED ENTRY ELEMENTS (KOHA) | |
| Item type | Book - Borrowing |
| Call number prefix | 621.31.Si643 |
| Withdrawn status | Item status | Damaged status | Not for loan | Home library | Current library | Shelving location | Date acquired | Source of acquisition | Total Checkouts | Full call number | Barcode | Date last seen | Date last borrowed | Koha item type |
|---|---|---|---|---|---|---|---|---|---|---|---|---|---|---|
| Central Library | Central Library | First floor | 07/03/2007 | Purchase | 1 | 621.31. SIN | 000001335 | 15/07/2025 | 18/03/2009 | Book - Borrowing |